Statistics for 20th Century Japanese Novelists

Click here to take the quiz!

General Stats

  • This quiz has been taken 40 times
  • The average score is 7 of 15

Answer Stats

HintAnswer% Correct
Norwegian WoodHaruki Murakami
74%
I am a catSoseki Natsume
69%
Confessions of a MaskYukio Mishima
66%
Snow CountryYasunari Kawabata
63%
RashomonRyunosuke Akutagawa
57%
SilenceShusaku Endo
51%
KitchenBanana Yoshimoto
49%
The Makioka SistersJunichiro Tanizaki
49%
The Woman in the DunesKobo Abe
46%
The Setting SunOsamu Dazai
37%
Coin Locker BabiesRyu Murakami
37%
The Black LizardRampo Edogawa
23%
Vita SexualisOgai Mori
20%
American StoriesKafu Nagai
9%
MasksFumiko Enchi
3%

Score Distribution

Percentile by Number Answered

Percent of People with Each Score

Your Score History

You have not taken this quiz